| 000 | 01126cam a2200325 i 4500 | ||
|---|---|---|---|
| 999 |
_c1384 _d1384 |
||
| 001 | 19454320 | ||
| 003 | OSt | ||
| 005 | 20221229090949.0 | ||
| 008 | 170113s2018 mnua j b 001 0 eng | ||
| 010 | _a 2017931136 | ||
| 020 | _a9781532120336 | ||
| 040 |
_aDLC _beng _erda _cDLC _dKH8 |
||
| 042 | _apcc | ||
| 082 | 0 | 4 |
_a668.4 RIV _223 |
| 100 | 1 |
_aRivera, Andrea, _eauthor. |
|
| 245 | 1 | 0 |
_aPlastic / _cAndrea Rivera. |
| 264 | 1 |
_aMinneapolis, Minnesota : _bAbdo Zoom, _c[2018] |
|
| 300 |
_a24 pages : _bcolor illustrations ; _c21 cm. |
||
| 336 |
_atext _btxt _2rdacontent |
||
| 336 |
_astill image _bsti _2rdacontent |
||
| 337 |
_aunmediated _bn _2rdamedia |
||
| 338 |
_avolume _bnc _2rdacarrier |
||
| 490 | 0 | _aZoom in on materials | |
| 504 | _aIncludes bibliographical references (page 23) and index. | ||
| 650 | 0 |
_aPlastics _vJuvenile literature. |
|
| 650 | 0 |
_aMaterials science _vJuvenile literature. |
|
| 906 |
_a7 _bcbc _corignew _d2 _eepcn _f20 _gy-gencatlg |
||
| 942 |
_2ddc _cNFIC |
||